[Event "Szuperliga - GM Szabo Laszlo"]
[Site "Dunaharaszti"]
[Date "2024.03.10"]
[Round "6.8"]
[White "Papp, Petra"]
[Black "Korpa, Bence"]
[Result "1/2-1/2"]
[WhiteElo "2267"]
[BlackElo "2545"]
[PlyCount "71"]
[EventDate "2023.10.28"]
[EventType "team-tourn"]
[EventRounds "9"]
[EventCountry "HUN"]
[Source "chess.hu"]
[WhiteTeam "Dunaharaszti MTK"]
[BlackTeam "Sentimento Ajka BSK"]
[WhiteTeamCountry "HUN"]
[BlackTeamCountry "HUN"]

1. e4 d5 2. exd5 Qxd5 3. Nc3 Qd6 4. d4 g6 5. Nf3 Bg7 6. Bg5 Bf5 7. Qd2 a6 8.
Bf4 Qd8 9. O-O-O b5 10. Ne5 f6 11. Nf3 g5 12. Be3 e6 13. h3 h5 14. Kb1 Ne7 15.
Bd3 Nd7 16. Rhe1 O-O 17. Qe2 Re8 18. Bc1 Nb6 19. Ne4 Qd5 20. Nc3 Qc6 21. Ne4
Na4 22. g4 Nd5 23. Ka1 hxg4 24. hxg4 Bxg4 25. Rg1 Bf5 26. Nfxg5 fxg5 27. Rxg5
Kf8 28. Qh5 Bxd4 29. Qh6+ Ke7 30. Rxf5 Kd7 31. Rf7+ Kc8 32. c3 Naxc3 33. bxc3
Nxc3 34. Bb2 Nxd1 35. Bxd4 Rd8 36. Rf8 1/2-1/2

[Event "Szuperliga - GM Szabo Laszlo"]
[Site "Dunaharaszti"]
[Date "2024.03.10"]
[Round "6.9"]
[White "Pasti, Aron"]
[Black "Borocz, Istvan"]
[Result "0-1"]
[WhiteElo "2373"]
[BlackElo "2314"]
[PlyCount "55"]
[EventDate "2023.10.28"]
[EventType "team-tourn"]
[EventRounds "9"]
[EventCountry "HUN"]
[Source "chess.hu"]
[WhiteTeam "Sentimento Ajka BSK"]
[BlackTeam "Dunaharaszti MTK"]
[WhiteTeamCountry "HUN"]
[BlackTeamCountry "HUN"]

1. e4 e5 2. Nf3 Nc6 3. Bb5 a6 4. Ba4 Nf6 5. O-O b5 6. Bb3 Bc5 7. c3 d6 8. d4
Bb6 9. a4 Bg4 10. Be3 O-O 11. axb5 axb5 12. Rxa8 Qxa8 13. dxe5 Nxe5 14. Bxb6
cxb6 15. Re1 Bxf3 16. gxf3 Nh5 17. Kh1 Qd8 18. Rg1 Qh4 19. Qe2 Nf4 20. Qe3 Kh8
21. Na3 f5 22. Nxb5 Nh3 23. Rg2 fxe4 24. Nxd6 Rxf3 25. Qxf3 exf3 26. Rg3 Nxf2+
27. Kg1 Nh3+ 28. Kf1 0-1

[Event "Szuperliga - GM Szabo Laszlo"]
[Site "Szombathely"]
[Date "2024.03.10"]
[Round "6.1"]
[White "Ostovic, Matija"]
[Black "Hracek, Zbynek"]
[Result "0-1"]
[WhiteElo "2374"]
[BlackElo "2542"]
[PlyCount "90"]
[EventDate "2023.10.28"]
[EventType "team-tourn"]
[EventRounds "9"]
[EventCountry "HUN"]
[Source "chess.hu"]
[WhiteTeam "Tapolca Varosi VSE"]
[BlackTeam "Haladas VSE"]
[WhiteTeamCountry "HUN"]
[BlackTeamCountry "HUN"]

1. d4 Nf6 2. c4 e6 3. Nf3 d5 4. Nc3 c6 5. cxd5 exd5 6. Bg5 Bf5 7. e3 Nbd7 8.
Bd3 Bxd3 9. Qxd3 Be7 10. O-O O-O 11. h3 Re8 12. a3 Ne4 13. Bf4 Bd6 14. Bxd6
Nxd6 15. Ne2 Qe7 16. Nf4 Nf8 17. Ne5 Ne6 18. Nxe6 Qxe6 19. Rac1 f6 20. Nf3 Re7
21. Nd2 Rae8 22. Rc2 g5 23. Nb3 Qf7 24. Nd2 h5 25. Nf3 h4 26. Nh2 Kg7 27. Ng4
Qg6 28. Qxg6+ Kxg6 29. f4 Nc4 30. fxg5 f5 31. Ne5+ Rxe5 32. Rxc4 Rxe3 33. Rc2
Re2 34. Rf2 Rxc2 35. Rxc2 Re3 36. Rd2 Kxg5 37. Kf2 Kf4 38. Rd1 a5 39. Rd2 a4
40. Rd1 Ke4 41. Rd2 f4 42. Rd1 f3 43. gxf3+ Rxf3+ 44. Kg2 Rg3+ 45. Kh2 Rd3 0-1

[Event "Szuperliga - GM Szabo Laszlo"]
[Site "Szombathely"]
[Date "2024.03.10"]
[Round "6.2"]
[White "Babula, Vlastimil"]
[Black "Cop, Tomislav"]
[Result "1-0"]
[WhiteElo "2529"]
[BlackElo "2314"]
[PlyCount "69"]
[EventDate "2023.10.28"]
[EventType "team-tourn"]
[EventRounds "9"]
[EventCountry "HUN"]
[Source "chess.hu"]
[WhiteTeam "Haladas VSE"]
[BlackTeam "Tapolca Varosi VSE"]
[WhiteTeamCountry "HUN"]
[BlackTeamCountry "HUN"]

1. d4 Nf6 2. c4 g6 3. Nc3 Bg7 4. e4 d6 5. h3 e5 6. d5 a5 7. Be3 Na6 8. Nf3 Nc5
9. Nd2 O-O 10. g4 Nfd7 11. h4 a4 12. Be2 c6 13. Qc2 Qa5 14. a3 Nf6 15. Rg1 cxd5
16. exd5 e4 17. O-O-O Nd3+ 18. Kb1 Ne5 19. g5 Nfg4 20. Bd4 Bf5 21. Ndxe4 Rfc8
22. Ka2 Nh2 23. Qc1 Nhf3 24. Bxf3 Nxf3 25. Bxg7 Kxg7 26. Rg3 Ne5 27. Nxd6 Nxc4
28. Nxc8 Rxc8 29. Qf4 Kg8 30. Qd4 b5 31. d6 Be6 32. Ka1 b4 33. Ne4 bxa3 34.
bxa3 Rb8 35. Nf6+ 1-0

[Event "Szuperliga - GM Szabo Laszlo"]
[Site "Szombathely"]
[Date "2024.03.10"]
[Round "6.3"]
[White "Buzas, Bertalan"]
[Black "Hera, Imre Jr"]
[Result "1/2-1/2"]
[WhiteElo "2289"]
[BlackElo "2544"]
[PlyCount "30"]
[EventDate "2023.10.28"]
[EventType "team-tourn"]
[EventRounds "9"]
[EventCountry "HUN"]
[Source "chess.hu"]
[WhiteTeam "Tapolca Varosi VSE"]
[BlackTeam "Haladas VSE"]
[WhiteTeamCountry "HUN"]
[BlackTeamCountry "HUN"]

1. d4 Nf6 2. c4 e6 3. g3 d5 4. Bg2 Bb4+ 5. Bd2 Be7 6. Nf3 O-O 7. O-O c6 8. Qc2
b6 9. Bf4 Bb7 10. Rd1 Nbd7 11. Ne5 Nh5 12. Bd2 Nhf6 13. Bf4 Nh5 14. Bd2 Nhf6
15. Bf4 Nh5 1/2-1/2

[Event "Szuperliga - GM Szabo Laszlo"]
[Site "Szombathely"]
[Date "2024.03.10"]
[Round "6.4"]
[White "Ruck, Robert"]
[Black "Istvandi, Lajos"]
[Result "1-0"]
[WhiteElo "2534"]
[BlackElo "2234"]
[PlyCount "129"]
[EventDate "2023.10.28"]
[EventType "team-tourn"]
[EventRounds "9"]
[EventCountry "HUN"]
[Source "chess.hu"]
[WhiteTeam "Haladas VSE"]
[BlackTeam "Tapolca Varosi VSE"]
[WhiteTeamCountry "HUN"]
[BlackTeamCountry "HUN"]

1. Nf3 Nf6 2. c4 g6 3. d4 Bg7 4. g3 O-O 5. Bg2 c5 6. O-O cxd4 7. Nxd4 Nc6 8.
Nc3 Qa5 9. Nb3 Qh5 10. c5 a5 11. e3 a4 12. Qxh5 Nxh5 13. Nd4 Nxd4 14. exd4 Bxd4
15. Nd5 Bxc5 16. Bh6 e6 17. Rfc1 exd5 18. Rxc5 Re8 19. Rxd5 Nf6 20. Rb5 d5 21.
Be3 Ra6 22. Bd4 Rae6 23. h3 h5 24. Kh2 g5 25. Rc1 Rc6 26. Rxc6 bxc6 27. Rb6 Ne4
28. Rxc6 g4 29. Rh6 f6 30. Rxh5 gxh3 31. Bxh3 Bxh3 32. Kxh3 Ng5+ 33. Kg2 Kf7
34. Rh6 Re6 35. Be3 Ne4 36. Rh7+ Kg6 37. Ra7 Nd6 38. Ra6 Kf7 39. Rxa4 Nc4 40.
Bd4 Re4 41. Ra7+ Kg6 42. Bc5 Nxb2 43. Rd7 Ra4 44. a3 Nd3 45. Be7 Kf7 46. Bd8+
Ke6 47. Rb7 f5 48. Re7+ Kd6 49. Re3 Nb2 50. Be7+ Kc6 51. Rf3 Kd7 52. Bf6 Nc4
53. Rxf5 Ke6 54. Rf4 Rxa3 55. Bd4 Rd3 56. g4 Nd6 57. Bh8 Ne4 58. f3 Rd2+ 59.
Kh3 Rf2 60. Bd4 Rd2 61. fxe4 Rxd4 62. exd5+ Rxd5 63. Kh4 Rd1 64. g5 Rh1+ 65.
Kg4 1-0

[Event "Szuperliga - GM Szabo Laszlo"]
[Site "Szombathely"]
[Date "2024.03.10"]
[Round "6.5"]
[White "Kassay, Krisztian"]
[Black "Nemeth, Miklos"]
[Result "0-1"]
[WhiteElo "2124"]
[BlackElo "2440"]
[PlyCount "32"]
[EventDate "2023.10.28"]
[EventType "team-tourn"]
[EventRounds "9"]
[EventCountry "HUN"]
[Source "chess.hu"]
[WhiteTeam "Tapolca Varosi VSE"]
[BlackTeam "Haladas VSE"]
[WhiteTeamCountry "HUN"]
[BlackTeamCountry "HUN"]

1. c4 e5 2. e3 Nf6 3. b3 d5 4. cxd5 Nxd5 5. Bb2 Bd6 6. Nf3 e4 7. Ne5 O-O 8. d3
Qg5 9. h4 Qe7 10. Nc4 Bb4+ 11. Nbd2 b5 12. Ne5 f6 13. dxe4 Nxe3 14. fxe3 fxe5
15. a3 Qf7 16. Qe2 Bg4 0-1

[Event "Szuperliga - GM Szabo Laszlo"]
[Site "Szombathely"]
[Date "2024.03.10"]
[Round "6.6"]
[White "Kovacs, Gabor"]
[Black "Juhasz, Judit"]
[Result "1-0"]
[WhiteElo "2398"]
[BlackElo "2002"]
[PlyCount "69"]
[EventDate "2023.10.28"]
[EventType "team-tourn"]
[EventRounds "9"]
[EventCountry "HUN"]
[Source "chess.hu"]
[WhiteTeam "Haladas VSE"]
[BlackTeam "Tapolca Varosi VSE"]
[WhiteTeamCountry "HUN"]
[BlackTeamCountry "HUN"]

1. c4 c5 2. Nf3 Nc6 3. e3 e5 4. d4 e4 5. Ne5 cxd4 6. Nxc6 dxc6 7. exd4 Nf6 8.
Be2 Bb4+ 9. Nc3 O-O 10. O-O Bxc3 11. bxc3 Qa5 12. Rb1 Rd8 13. Be3 Be6 14. Rxb7
Qxa2 15. Rb4 Rab8 16. Qb1 Qxb1 17. Rfxb1 Rxb4 18. Rxb4 h6 19. h3 Nd7 20. c5 Nf6
21. c4 a5 22. Rb6 Ra8 23. Rxc6 a4 24. d5 a3 25. Bd4 a2 26. Ba1 Bf5 27. Rb6 Nd7
28. Rb5 Rb8 29. g4 Rxb5 30. cxb5 Bg6 31. c6 Nb6 32. d6 Kf8 33. d7 Ke7 34. Bxg7
Nd5 35. Bd4 1-0

[Event "Szuperliga - GM Szabo Laszlo"]
[Site "Szombathely"]
[Date "2024.03.10"]
[Round "6.7"]
[White "Marton, Jozsef"]
[Black "Gombocz, Ferenc Jr"]
[Result "1/2-1/2"]
[WhiteElo "1971"]
[BlackElo "2351"]
[PlyCount "62"]
[EventDate "2023.10.28"]
[EventType "team-tourn"]
[EventRounds "9"]
[EventCountry "HUN"]
[Source "chess.hu"]
[WhiteTeam "Tapolca Varosi VSE"]
[BlackTeam "Haladas VSE"]
[WhiteTeamCountry "HUN"]
[BlackTeamCountry "HUN"]

1. d4 d5 2. Bf4 Nf6 3. e3 c5 4. Nd2 Nc6 5. c3 Bf5 6. Ngf3 e6 7. Nh4 Be4 8. f3
Bg6 9. Nxg6 hxg6 10. Qa4 a6 11. dxc5 Bxc5 12. Nb3 Be7 13. Nd4 Qb6 14. O-O-O Nh5
15. Be5 O-O 16. Bg3 Nxg3 17. hxg3 Nxd4 18. exd4 Qc7 19. Bd3 b5 20. Qc2 Qxg3 21.
Rh3 Qf4+ 22. Kb1 f5 23. Qe2 Kf7 24. Re1 Qd6 25. f4 Rae8 26. g4 Rh8 27. Re3 Bh4
28. Rf1 Bd8 29. Re1 Bh4 30. Rf1 Bd8 31. Re1 Bh4 1/2-1/2

[Event "Szuperliga - GM Szabo Laszlo"]
[Site "Szombathely"]
[Date "2024.03.10"]
[Round "6.8"]
[White "Nagy, Bence"]
[Black "Alexandrova, Angelina"]
[Result "1-0"]
[WhiteElo "2306"]
[BlackElo "1812"]
[PlyCount "63"]
[EventDate "2023.10.28"]
[EventType "team-tourn"]
[EventRounds "9"]
[EventCountry "HUN"]
[Source "chess.hu"]
[WhiteTeam "Haladas VSE"]
[BlackTeam "Tapolca Varosi VSE"]
[WhiteTeamCountry "HUN"]
[BlackTeamCountry "HUN"]

1. e4 e6 2. d4 d5 3. Nc3 Bb4 4. e5 c5 5. a3 Bxc3+ 6. bxc3 Ne7 7. Qg4 cxd4 8.
Qxg7 Rg8 9. Qxh7 Nbc6 10. f4 dxc3 11. Qd3 d4 12. h4 Nf5 13. Ne2 Bd7 14. h5 Qc7
15. h6 O-O-O 16. h7 Rh8 17. g4 Nfe7 18. Rb1 Ng6 19. Bg2 b6 20. a4 Be8 21. a5 f6
22. axb6 axb6 23. exf6 Rd7 24. Qa6+ Kd8 25. Rxb6 Rdxh7 26. Rxh7 Rxh7 27. Qa8+
Qc8 28. Bxc6 Bxc6 29. Qxc8+ Kxc8 30. Rxc6+ Kd7 31. Rc4 Rh1+ 32. Kf2 1-0

[Event "Szuperliga - GM Szabo Laszlo"]
[Site "Szombathely"]
[Date "2024.03.10"]
[Round "6.9"]
[White "Kasnya, Peter"]
[Black "Sardy, Peter Dr"]
[Result "0-1"]
[WhiteElo "1920"]
[BlackElo "2371"]
[PlyCount "84"]
[EventDate "2023.10.28"]
[EventType "team-tourn"]
[EventRounds "9"]
[EventCountry "HUN"]
[Source "chess.hu"]
[WhiteTeam "Tapolca Varosi VSE"]
[BlackTeam "Haladas VSE"]
[WhiteTeamCountry "HUN"]
[BlackTeamCountry "HUN"]

1. e4 c5 2. Nf3 e6 3. d4 cxd4 4. Nxd4 a6 5. Be2 Nf6 6. Bf3 Qc7 7. Be3 d6 8. Nd2
Nbd7 9. O-O Be7 10. Rc1 O-O 11. c4 Rb8 12. g3 b6 13. Bg2 Bb7 14. b4 Ne5 15. h3
Rfd8 16. Qe2 Nc6 17. Nxc6 Bxc6 18. b5 Ba8 19. f4 axb5 20. cxb5 Qa7 21. Rc2 Qa4
22. Qc4 Qxc4 23. Rxc4 d5 24. Ra4 dxe4 25. Nxe4 Nd5 26. Bf2 f5 27. Ng5 Bxg5 28.
fxg5 Nc3 29. Rxa8 Rxa8 30. Bxa8 Rxa8 31. Bxb6 Rxa2 32. Re1 Kf7 33. Re5 Rb2 34.
Rc5 Nxb5 35. g4 fxg4 36. hxg4 Rb4 37. Kf2 Nd6 38. Rc7+ Kg6 39. Be3 Rxg4 40. Rc6
Ne4+ 41. Kf3 Kf5 42. Ra6 Nxg5+ 0-1

[Event "Szuperliga - GM Szabo Laszlo"]
[Site "Szombathely"]
[Date "2024.03.10"]
[Round "6.10"]
[White "Lakos, Nikoletta"]
[Black "Toth, Barnabas"]
[Result "1-0"]
[WhiteElo "2215"]
[BlackElo "1914"]
[PlyCount "57"]
[EventDate "2023.10.28"]
[EventType "team-tourn"]
[EventRounds "9"]
[EventCountry "HUN"]
[Source "chess.hu"]
[WhiteTeam "Haladas VSE"]
[BlackTeam "Tapolca Varosi VSE"]
[WhiteTeamCountry "HUN"]
[BlackTeamCountry "HUN"]

1. e4 c5 2. Nf3 g6 3. d4 cxd4 4. Qxd4 Nf6 5. Nc3 Nc6 6. Qa4 Bg7 7. e5 Ng8 8.
Bf4 Nh6 9. h3 O-O 10. O-O-O Qa5 11. Qxa5 Nxa5 12. Nd5 Nc6 13. Bb5 e6 14. Nf6+
Kh8 15. Nxd7 Bxd7 16. Rxd7 a6 17. Bxc6 bxc6 18. Rhd1 Rab8 19. Ra7 Rb4 20. g3
Rfb8 21. b3 Nf5 22. Rdd7 Bf8 23. Rxf7 Bc5 24. Rxh7+ Kg8 25. Rad7 Bxf2 26. Bg5
Be3+ 27. Bxe3 Nxe3 28. Rdg7+ Kf8 29. Ng5 1-0

[Event "Szuperliga - GM Szabo Laszlo"]
[Site "Mako"]
[Date "2024.03.10"]
[Round "6.1"]
[White "Volokitin, Andrei"]
[Black "Mihok, Oliver"]
[Result "1-0"]
[WhiteElo "2667"]
[BlackElo "2549"]
[PlyCount "133"]
[EventDate "2023.10.28"]
[EventType "team-tourn"]
[EventRounds "9"]
[EventCountry "HUN"]
[Source "chess.hu"]
[WhiteTeam "Tuxera ANSK"]
[BlackTeam "Duocor-Makoi SVSE"]
[WhiteTeamCountry "HUN"]
[BlackTeamCountry "HUN"]

1. e4 e5 2. Nf3 Nf6 3. Nxe5 Nxe4 4. Qe2 Qe7 5. Qxe4 d6 6. d4 dxe5 7. dxe5 Nc6
8. Nc3 Qxe5 9. Qxe5+ Nxe5 10. Bf4 Bd6 11. Bg3 h5 12. O-O-O f6 13. Rd4 a6 14.
Ne4 Be7 15. Bxe5 fxe5 16. Rd5 Bf6 17. f4 b6 18. fxe5 Bb7 19. Bc4 Be7 20. Rd4
Rd8 21. Rxd8+ Bxd8 22. Re1 Rf8 23. Bd3 Bxe4 24. Bxe4 Bg5+ 25. Kb1 Rf2 26. Bf3
Ke7 27. a4 h4 28. h3 Bf4 29. Re4 g5 30. a5 Rf1+ 31. Ka2 Rc1 32. c3 bxa5 33. Ra4
Bxe5 34. Rxa5 Bf4 35. Kb3 Rf1 36. Kc4 Rb1 37. b4 Rc1 38. Kd3 Re1 39. Rxa6 Be5
40. c4 Bd6 41. c5 Bf4 42. b5 Rb1 43. Kc4 Bd2 44. Ra7 Kd8 45. Bc6 Rc1+ 46. Kd5
Bb4 47. Ke6 Re1+ 48. Kf6 Rf1+ 49. Kxg5 Bxc5 50. Ra8+ Ke7 51. Kxh4 Kf6 52. g4
Rg1 53. Kh5 Kg7 54. g5 Rd1 55. Rc8 Bb6 56. Re8 Bc5 57. h4 Rd4 58. Re4 Rd1 59.
Re5 Bd6 60. Rd5 Rb1 61. Rd4 Rb2 62. Kg4 Rb1 63. h5 Rg1+ 64. Kf5 Rf1+ 65. Ke6
Re1+ 66. Be4 Bc5 67. h6+ 1-0

[Event "Szuperliga - GM Szabo Laszlo"]
[Site "Mako"]
[Date "2024.03.10"]
[Round "6.2"]
[White "Csonka, Balazs"]
[Black "Balogh, Csaba"]
[Result "1/2-1/2"]
[WhiteElo "2491"]
[BlackElo "2544"]
[PlyCount "49"]
[EventDate "2023.10.28"]
[EventType "team-tourn"]
[EventRounds "9"]
[EventCountry "HUN"]
[Source "chess.hu"]
[WhiteTeam "Duocor-Makoi SVSE"]
[BlackTeam "Tuxera ANSK"]
[WhiteTeamCountry "HUN"]
[BlackTeamCountry "HUN"]

1. e4 e5 2. Nf3 Nc6 3. Bb5 Nf6 4. O-O Nxe4 5. Re1 Nd6 6. Nxe5 Be7 7. Bf1 Nxe5
8. Rxe5 O-O 9. d4 Bf6 10. Re1 Re8 11. Nc3 Rxe1 12. Qxe1 Bxd4 13. Bd3 g6 14. Nd5
b6 15. Ne7+ Kg7 16. Bg5 f6 17. Bf4 Bxb2 18. Bxd6 Bxa1 19. Bxc7 Qxc7 20. Nf5+
gxf5 21. Qe7+ Kg8 22. Qe8+ Kg7 23. Qe7+ Kg8 24. Qe8+ Kg7 25. Qe7+ 1/2-1/2

[Event "Szuperliga - GM Szabo Laszlo"]
[Site "Mako"]
[Date "2024.03.10"]
[Round "6.3"]
[White "Yuffa, Daniil"]
[Black "Kosic, Dragan"]
[Result "1-0"]
[WhiteElo "2606"]
[BlackElo "2379"]
[PlyCount "71"]
[EventDate "2023.10.28"]
[EventType "team-tourn"]
[EventRounds "9"]
[EventCountry "HUN"]
[Source "chess.hu"]
[WhiteTeam "Tuxera ANSK"]
[BlackTeam "Duocor-Makoi SVSE"]
[WhiteTeamCountry "HUN"]
[BlackTeamCountry "HUN"]

1. d4 Nf6 2. c4 e6 3. g3 Bb4+ 4. Bd2 Qe7 5. Bg2 Nc6 6. e3 e5 7. d5 Bxd2+ 8.
Qxd2 Nb8 9. d6 Qxd6 10. Qxd6 cxd6 11. Nc3 Na6 12. O-O-O Ke7 13. h3 h5 14. Nf3
Nc7 15. Ng5 Rh6 16. f4 Rb8 17. Rhf1 b6 18. Rf2 exf4 19. exf4 Ba6 20. b3 b5 21.
cxb5 Nxb5 22. Nd5+ Nxd5 23. Bxd5 Nc3 24. Re1+ Kf8 25. Bxf7 d5 26. Kb2 Ne4 27.
Rf3 Bb7 28. Rd3 h4 29. gxh4 Nf6 30. h5 Nxh5 31. Bxd5 Nxf4 32. Rf1 Rf6 33. Nh7+
Ke7 34. Re3+ Re6 35. Bxe6 Nxe6 36. Ng5 1-0

[Event "Szuperliga - GM Szabo Laszlo"]
[Site "Mako"]
[Date "2024.03.10"]
[Round "6.4"]
[White "Saric, Sinisa"]
[Black "Antal, Gergely"]
[Result "0-1"]
[WhiteElo "2367"]
[BlackElo "2586"]
[PlyCount "110"]
[EventDate "2023.10.28"]
[EventType "team-tourn"]
[EventRounds "9"]
[EventCountry "HUN"]
[Source "chess.hu"]
[WhiteTeam "Duocor-Makoi SVSE"]
[BlackTeam "Tuxera ANSK"]
[WhiteTeamCountry "HUN"]
[BlackTeamCountry "HUN"]

1. d4 d5 2. c4 e6 3. Nc3 h6 4. Nf3 Nf6 5. e3 a6 6. a3 dxc4 7. Bxc4 c5 8. O-O b5
9. Ba2 Bb7 10. Qe2 Nbd7 11. Rd1 Qc7 12. Bd2 Be7 13. Rac1 Qb8 14. Be1 O-O 15. e4
cxd4 16. Nxd4 Bd6 17. g3 Rd8 18. f3 Bc5 19. Bf2 Bb6 20. Nb3 Qa7 21. Bxb6 Qxb6+
22. Qf2 Rac8 23. Qxb6 Nxb6 24. Na5 Ba8 25. Kf2 Kf8 26. h4 Ke7 27. Rxd8 Rxd8 28.
Rd1 Nfd7 29. Ke3 g5 30. Bb1 gxh4 31. gxh4 Rg8 32. Kf2 Ne5 33. Bd3 f5 34. Be2
fxe4 35. Nxe4 Bxe4 36. fxe4 Na4 37. Rd2 Nc5 38. Rc2 Nxe4+ 39. Ke3 Nd6 40. Rc7+
Kf6 41. Ra7 Rg2 42. Kd2 Nf5 43. Nb3 Nf3+ 44. Kd3 Ne5+ 45. Kd2 Nc6 46. Rxa6 Ncd4
47. Nxd4 Nxd4 48. Ke3 Nxe2 49. Rb6 Nc1 50. Rxb5 e5 51. Kf3 Re2 52. a4 e4+ 53.
Kg4 Nd3 54. Rb6+ Ke5 55. a5 Rxb2 0-1

[Event "Szuperliga - GM Szabo Laszlo"]
[Site "Mako"]
[Date "2024.03.10"]
[Round "6.5"]
[White "Markus, Robert"]
[Black "Hujbert, Florian"]
[Result "1-0"]
[WhiteElo "2595"]
[BlackElo "2414"]
[PlyCount "59"]
[EventDate "2023.10.28"]
[EventType "team-tourn"]
[EventRounds "9"]
[EventCountry "HUN"]
[Source "chess.hu"]
[WhiteTeam "Tuxera ANSK"]
[BlackTeam "Duocor-Makoi SVSE"]
[WhiteTeamCountry "HUN"]
[BlackTeamCountry "HUN"]

1. d4 e6 2. c4 Bb4+ 3. Bd2 Bxd2+ 4. Qxd2 Nf6 5. g3 d5 6. Bg2 O-O 7. e3 c6 8.
Ne2 b6 9. O-O a5 10. b3 Ba6 11. Rc1 Nbd7 12. Nf4 Qe7 13. Nd3 Rac8 14. Qb2 c5
15. Nd2 Rfd8 16. Rc2 cxd4 17. exd4 dxc4 18. bxc4 b5 19. Ne5 Nb8 20. cxb5 Rxc2
21. Qxc2 Bxb5 22. Rb1 Be8 23. Nb3 Na6 24. Nxa5 Qa3 25. Nac6 Bxc6 26. Nxc6 Re8
27. Rb7 Nd5 28. Bxd5 exd5 29. Qf5 Rf8 30. Qxd5 1-0

[Event "Szuperliga - GM Szabo Laszlo"]
[Site "Mako"]
[Date "2024.03.10"]
[Round "6.6"]
[White "Horvath, Zsolt"]
[Black "Medvegy, Zoltan"]
[Result "0-1"]
[WhiteElo "2384"]
[BlackElo "2501"]
[PlyCount "131"]
[EventDate "2023.10.28"]
[EventType "team-tourn"]
[EventRounds "9"]
[EventCountry "HUN"]
[Source "chess.hu"]
[WhiteTeam "Duocor-Makoi SVSE"]
[BlackTeam "Tuxera ANSK"]
[WhiteTeamCountry "HUN"]
[BlackTeamCountry "HUN"]

1. e4 c5 2. Nf3 e6 3. g3 Nc6 4. Bg2 Nf6 5. Qe2 d5 6. exd5 Nxd5 7. O-O Be7 8.
Rd1 Qb6 9. c3 Bd7 10. Na3 O-O 11. Nc4 Qa6 12. d3 Rad8 13. Nfe5 Nxe5 14. Nxe5
Ba4 15. Re1 Bf6 16. Bf1 Qd6 17. Ng4 Be7 18. Ne5 Bf6 19. Ng4 Be7 20. Ne5 Qc7 21.
Bg2 Bd6 22. Nc4 Be7 23. Ne5 Bd6 24. Nc4 Bc6 25. Bg5 Be7 26. Bxe7 Nxe7 27. Rad1
Bxg2 28. Kxg2 Rd5 29. Ne5 Rfd8 30. Qe4 Ng6 31. Nf3 Qd7 32. h4 h6 33. Rd2 b6 34.
Re3 Qc7 35. a3 Ne7 36. Re1 Nc6 37. Re3 Ne7 38. Re1 a6 39. Ree2 b5 40. d4 cxd4
41. Rxd4 Rxd4 42. Nxd4 Rd5 43. Nc2 Rd8 44. Nd4 Nd5 45. Qe5 Qb7 46. Qe4 Qc7 47.
Qe5 Qc8 48. Qe4 Rd6 49. Nc2 Nb6 50. Ne3 Qd7 51. Qf3 Rd3 52. Qe4 f5 53. Qf4 Qc6+
54. Kh2 Qd6 55. Qxd6 Rxd6 56. Kg2 Kf7 57. Rc2 Nc4 58. Nxc4 bxc4 59. Kf3 e5 60.
Ke2 g5 61. hxg5 hxg5 62. Rc1 Kg6 63. Rb1 Rb6 64. Ke3 g4 65. a4 Kg5 66. Kd2 0-1

[Event "Szuperliga - GM Szabo Laszlo"]
[Site "Mako"]
[Date "2024.03.10"]
[Round "6.7"]
[White "Aczel, Gergely"]
[Black "Szalai, Kornel"]
[Result "1/2-1/2"]
[WhiteElo "2492"]
[BlackElo "2382"]
[PlyCount "214"]
[EventDate "2023.10.28"]
[EventType "team-tourn"]
[EventRounds "9"]
[EventCountry "HUN"]
[Source "chess.hu"]
[WhiteTeam "Tuxera ANSK"]
[BlackTeam "Duocor-Makoi SVSE"]
[WhiteTeamCountry "HUN"]
[BlackTeamCountry "HUN"]

1. d4 Nf6 2. c4 d6 3. Nf3 g6 4. g3 Bg7 5. Bg2 O-O 6. O-O c6 7. Nc3 Bf5 8. Be3
Ne4 9. Rc1 Nxc3 10. Rxc3 Be4 11. Qc1 Nd7 12. Bh3 Bxf3 13. exf3 e6 14. f4 Qc7
15. Bg2 Rfe8 16. Qc2 a5 17. h3 Nb6 18. b3 Nc8 19. Rd3 Ne7 20. g4 d5 21. Rc1
Red8 22. Qd2 Rd7 23. a4 Bf8 24. Bf3 Rad8 25. Kh1 Bg7 26. c5 Ra8 27. Bd1 Rdd8
28. b4 axb4 29. Qxb4 Rdb8 30. Rb1 f6 31. Bc2 Kf7 32. Rdb3 f5 33. R3b2 Bh6 34.
Qd2 Ra7 35. Kg2 Qd7 36. Bd1 Qc7 37. Rb4 Bf8 38. R1b3 Bh6 39. Rb2 Rd8 40. Qc1
Rd7 41. Bd2 Bg7 42. Qc3 Nc8 43. Qe3 Re7 44. Rb1 Qd7 45. Kf1 Qd8 46. Be2 Qh8 47.
Bc3 Qd8 48. Bd1 Rd7 49. Kg2 Bf6 50. R4b2 Qh8 51. Re2 Re7 52. a5 Qd8 53. Bc2 Qd7
54. g5 Bg7 55. Bd3 Qe8 56. h4 h5 57. Reb2 Qh8 58. Kf3 Rd7 59. Be2 Bf8 60. a6
bxa6 61. Rb8 Bg7 62. R1b6 Rdc7 63. Rxa6 Qe8 64. Qc1 Qd7 65. Qa3 Rxa6 66. Bxa6
Ra7 67. Qb3 Ne7 68. Qb6 Qc7 69. Rd8 Qxd8 70. Qxd8 Rxa6 71. Qb8 Ra3 72. Qb2 Ra4
73. Ke3 Ke8 74. Qb3 Rc4 75. Kd3 Kf7 76. Qa3 Ke8 77. Qa7 Kf7 78. Qa8 Bf8 79. Qb7
Ra4 80. Bb4 Ra1 81. Kc2 Bg7 82. Bc3 Ra4 83. Kb3 Rc4 84. Qb8 Ng8 85. Ba5 Bxd4
86. Bb6 Rc3+ 87. Ka4 Rc1 88. Qc7+ Ne7 89. f3 Rc4+ 90. Ka5 Bxc5 91. Bxc5 Rxc5+
92. Kb4 Rc1 93. Qe5 d4 94. Kb3 d3 95. Qb2 Rc5 96. Qd2 Rd5 97. Kb2 c5 98. Kc1
Nc6 99. Qb2 d2+ 100. Kd1 Ne7 101. Qf6+ Ke8 102. Qb2 Kd7 103. Qb7+ Ke8 104. Qb5+
Kf7 105. Qc4 Ke8 106. Qb5+ Kf7 107. Qc4 Ke8 1/2-1/2

[Event "Szuperliga - GM Szabo Laszlo"]
[Site "Mako"]
[Date "2024.03.10"]
[Round "6.8"]
[White "Tatar Kis, Szabolcs"]
[Black "Horvath, Csaba"]
[Result "1/2-1/2"]
[WhiteElo "2348"]
[BlackElo "2497"]
[PlyCount "60"]
[EventDate "2023.10.28"]
[EventType "team-tourn"]
[EventRounds "9"]
[EventCountry "HUN"]
[Source "chess.hu"]
[WhiteTeam "Duocor-Makoi SVSE"]
[BlackTeam "Tuxera ANSK"]
[WhiteTeamCountry "HUN"]
[BlackTeamCountry "HUN"]

1. Nf3 Nf6 2. g3 d5 3. Bg2 c6 4. c4 Bf5 5. cxd5 cxd5 6. Qb3 Nc6 7. O-O Qd7 8.
d3 e5 9. Nc3 d4 10. Nb5 Be6 11. Qa4 Bc5 12. Ng5 Bd5 13. Bxd5 Nxd5 14. f4 O-O
15. Ne4 Be7 16. fxe5 Nb6 17. Qd1 Nxe5 18. Na3 Bxa3 19. bxa3 Nd5 20. Qb3 b6 21.
Bf4 Rfe8 22. Rac1 Rad8 23. Bxe5 Rxe5 24. Rc4 Nf6 25. Nxf6+ gxf6 26. Qb2 Re6 27.
a4 Rd6 28. Rf2 Qe7 29. Qc1 Kg7 30. Rc7 R8d7 1/2-1/2

[Event "Szuperliga - GM Szabo Laszlo"]
[Site "Mako"]
[Date "2024.03.10"]
[Round "6.9"]
[White "Palczert, Matyas"]
[Black "Terbe, Julianna"]
[Result "1-0"]
[WhiteElo "2297"]
[BlackElo "2289"]
[PlyCount "61"]
[EventDate "2023.10.28"]
[EventType "team-tourn"]
[EventRounds "9"]
[EventCountry "HUN"]
[Source "chess.hu"]
[WhiteTeam "Tuxera ANSK"]
[BlackTeam "Duocor-Makoi SVSE"]
[WhiteTeamCountry "HUN"]
[BlackTeamCountry "HUN"]

1. e4 e5 2. Nf3 Nc6 3. d4 exd4 4. Nxd4 Nf6 5. Nxc6 bxc6 6. e5 Qe7 7. Qe2 Nd5 8.
h4 a5 9. c4 Ba6 10. g3 a4 11. Bg2 Qb4+ 12. Nd2 a3 13. b3 Qc3 14. Rb1 Qa5 15. e6
fxe6 16. Bxd5 cxd5 17. Qh5+ g6 18. Qe5 Rg8 19. O-O Bd6 20. Qg5 Rf8 21. b4 Bxb4
22. Nb3 Qa4 23. Be3 Bxc4 24. Nc5 Bxc5 25. Bxc5 d6 26. Bxd6 Qd7 27. Bxf8 Bxf1
28. Bc5 Bd3 29. Rb3 Bc2 30. Qf6 Rd8 31. Qf8# 1-0